000 00310nam a2200145Ia 4500
100 _aKumbhojkar/G.v
942 _cBK
366 _f10
654 _amathematics IV
245 _aApplied Mathematics iv
260 _bC.Jamnadas&co.
_aPune
_c2007
082 _a519//KUM
_bKUM
546 _aENGLISH
999 _c33377
_d33377